| 000 | 00388 a2200121 4500 | ||
|---|---|---|---|
| 001 | 92355 | ||
| 082 | _aPR 2580 | ||
| 090 |
_c44324 _d44325 |
||
| 100 | _aTaimoor Zulfiqar, Prof Shuaib Salamat and Dr. Baber Saeed (Advisors) | ||
| 245 |
_aRadar Cross Section Evaluation of JF-17 Aircraft with and without External Stores _n79 'A' EC |
||
| 260 |
_aIslamabad _bNUST _c2015 |
||
| 300 | _axii,67p. | ||
| 942 |
_aCAE NUST _kPR 2580 |
||
| 999 |
_c327428 _d327428 |
||